000 00807nam a2200193 i 4500
001 48078
003 ES-MaACL
005 20230906161705.0
007 t|
008 981118s1833 xxk ||||1| eng d
040 _aCAM
_bspa
_cCCPB
100 1 _aCull, Richard.
_942134
245 1 0 _aObservations on impediments of speech
_b: with some remarks on their successful treatment in a letter addressed to T.J. Pettigrew... /
_cby Richard Cull.
260 _aLondon :
_bRenshaw and Rush,
_c1833.
300 _a31 p. ;
_c22 cm.
650 4 _aVoz-
_xTrastornos.
_9160212
650 0 4 _aLenguaje-
_xTrastornos.
_914347
852 _aES-MaACL
_jT-483 bis-F-5
_z-- Enc. hol., en el lomo "Folletos Cólera"
_z-- Enc. en un vol. facticio
_z.- En port. anotación manuscrita: "To the editor of the Attheneum from the author"
999 _c48078
_d48078